[Event "Bayern-chI Bank Hofmann 27th"]
[Site "Gmund am Tegernsee"]
[Date "2024.10.28"]
[Round "3"]
[White "Schwan, Aaron"]
[Black "Dietze, Frank Heinz"]
[Result "0-1"]
[WhiteElo "1946"]
[BlackElo "2057"]
[PlyCount "84"]
[EventDate "2024.10.26"]
[EventType "swiss"]
[EventRounds "9"]
[EventCountry "GER"]
[SourceTitle "CB45_2024"]
[Source "ChessBase"]
[SourceDate "2024.11.06"]
[SourceVersion "1"]
[SourceVersionDate "2024.11.06"]
[SourceQuality "1"]

1. e4 c5 2. Nf3 Nc6 3. Bb5 e5 4. 0-0 Bd6 5. c3 a6 6. Bxc6 dxc6 7. d4 cxd4 8. cxd4 exd4 9. Qxd4 Bf8 10. Qa4 Qc7 11. Nc3 Ne7 12. Nd5 Qd8 13. Bf4 b5 14. Qc2 cxd5 15. Bc7 Qd7 16. Ne5 Qe6 17. exd5 Qf5 18. Qc5 f6 19. d6 Qe6 20. Nf3 Qd5 21. Qe3 Kf7 22. dxe7 Bxe7 23. Rfe1 Bc5 24. Qf4 Ra7 25. Rad1 Bxf2+ 26. Kh1 Qf5 27. Ne5+ fxe5 28. Qxf5+ Bxf5 29. Rxe5 g6 30. Ba5 Re7 31. Red5 Rhe8 32. Rd6 Bc5 33. Rc6 b4 34. h3 Re1+ 35. Rxe1 Rxe1+ 36. Kh2 Bg1+ 37. Kg3 Re3+ 38. Kf4 Re4+ 39. Kf3 Re5 40. Bd8 Be4+ 41. Kf4 Bh2+ 42. g3 Bxg3+ 0-1

[Event "Oberliga Bayern 2223"]
[Site "Germany"]
[Date "2023.04.23"]
[Round "9.7"]
[White "Schwan, Aaron"]
[Black "Boehm, Uwe"]
[Result "1/2-1/2"]
[WhiteElo "1719"]
[BlackElo "2025"]
[PlyCount "174"]
[EventDate "2022.10.09"]
[EventType "team-tourn"]
[EventRounds "9"]
[EventCountry "GER"]
[SourceTitle "EXT 2025"]
[Source "ChessBase"]
[SourceDate "2024.10.14"]
[SourceVersion "1"]
[SourceVersionDate "2024.10.14"]
[SourceQuality "1"]
[WhiteTeam "Muenchen Tarrasch"]
[BlackTeam "Muenchen SC"]
[WhiteTeamCountry "GER"]
[BlackTeamCountry "GER"]

1. e4 e6 2. d4 d5 3. Bd3 dxe4 4. Bxe4 Nf6 5. Bf3 Nbd7 6. Ne2 Bd6 7. 0-0 0-0 8. Nbc3 c6 9. Ng3 Qc7 10. Re1 a6 11. a4 b6 12. Qd3 Bb7 13. Bg5 h6 14. Be3 Rfd8 15. Rad1 Be7 16. Qd2 c5 17. Bf4 Qc8 18. d5 Nf8 19. Qe3 Re8 20. d6 Bd8 21. Nh5 Bxf3 22. Qxf3 Ra7 23. Re3 Ng6 24. Nxf6+ Bxf6 25. Red3 Rd7 26. Bg3 Be5 27. Qe4 Bxg3 28. Rxg3 Qb7 29. Qe3 Qc6 30. Ne4 Qxa4 31. h4 Kh7 32. b3 Qc6 33. Qd3 f5 34. h5 Nf8 35. Nc3 b5 36. Ne2 Red8 37. Qc3 b4 38. Qe5 Qe4 39. Qxe4 fxe4 40. Re3 Rxd6 41. Rxd6 Rxd6 42. Rxe4 Rd1+ 43. Kh2 Rd2 44. c3 bxc3 45. Nxc3 Rxf2 46. Ra4 Rb2 47. Ne4 Rxb3 48. Nxc5 Rb5 49. Nxa6 Rxh5+ 50. Kg3 Rd5 51. Nc7 Rc5 52. Ra7 Rg5+ 53. Kf3 Rf5+ 54. Ke4 Rg5 55. Kf3 h5 56. Ne8 Kh6 57. Nd6 Rd5 58. Ne4 g5 59. Kg3 Kg6 60. Ra8 Nh7 61. Ra6 Re5 62. Nd2 Nf6 63. Nf3 Re4 64. Ra5 Nd5 65. Ra8 Nf6 66. Ra5 Rg4+ 67. Kh2 Kh6 68. Re5 Re4 69. Rxg5 Ng4+ 70. Kh1 Ra4 71. Rg8 Ra1+ 72. Ng1 e5 73. g3 e4 74. Kg2 Ra2+ 75. Kf1 e3 76. Rd8 Rf2+ 77. Ke1 Nh2 78. Rd6+ Kg7 79. Rd7+ Kg6 80. Rd6+ Kf5 81. Rd5+ Kg4 82. Rd4+ Kxg3 83. Ne2+ Kg2 84. Rf4 Nf3+ 85. Kd1 Rf1+ 86. Kc2 Nd4+ 87. Rxd4 Re1 1/2-1/2